| 000 | 00873nam a22002297i 4500 | ||
|---|---|---|---|
| 999 |
_c23624 _d23624 |
||
| 003 | AR-CdUCM | ||
| 008 | 260423b20192019 pe||||| |||| 00| 0 spa d | ||
| 020 | _a978-612-47192-4-0 | ||
| 040 |
_aMUNICIPALIDAD PROVINCIAL DEL CUSCO _cBIBLIOTECA MUNICIPAL DEL CUSCO |
||
| 041 | _hspa | ||
| 082 |
_23°Ed. _a305.3 _bB38 |
||
| 100 |
_aBelaunde, Luisa Elvira _948366 |
||
| 245 |
_aEl recuerdo de Luna : _bGenero, sangre y memoria entre los pueblos amazónicos / |
||
| 260 |
_aCusco: _bCeques Editores SRL. _c2019 |
||
| 300 |
_a317 páginas. : _c24x17 cm. |
||
| 500 | _zPáginas: 303-317 | ||
| 505 | _aEl recuerdo de luna -- La sangre -- Historia memoria y parentesco -- alimentar con su cuerpo .-El ssudor del parto -- la mujer curadora del mundo | ||
| 650 |
_aEl olvido de luna _952653 |
||
| 650 |
_aHaciendo piel _952654 |
||
| 942 |
_2ddc _cLIBROS |
||
| 945 |
_apbjr _d23-04-2026 |
||